Movies Quiz

Random Movies or Novel Quiz

One-Star Book Adaptations Quiz Stats

 Plays Quiz Updated Mar 6, 2018

Challenge
Share
Tweet
Embed
Score 0/20 Timer 07:00
0 Plays Today
% Correct
Gone with the Wind
93.6%
The Godfather
92.3%
Memoirs of a Geisha
91.8%
The Da Vinci Code
90.4%
Lord of the Rings: the Fellowship of the Ring
90%
Water For Elephants
89.5%
Fight Club
89%
The Great Gatsby
87%
Eragon
86%
The Shining
85.8%
% Correct
Life of Pi
85.2%
The Girl with the Dragon Tattoo
85.2%
Bridget Jones's Diary
85%
American Psycho
83%
The Silence of the Lambs
75.4%
Chocolat
75.2%
The Help
70.1%
The Time Traveler's Wife
68.7%
The Lovely Bones
59.2%
Breakfast at Tiffany's
53.2%

You're not logged in!

Compare scores with friends on all Sporcle quizzes.
Join for Free
OR
Log In

You Might Also Like...

Show Comments

Extras

Top Quizzes Today


Score Distribution

Your Account Isn't Verified!

In order to create a playlist on Sporcle, you need to verify the email address you used during registration. Go to your Sporcle Settings to finish the process.

Report this User

Report this user for behavior that violates our Community Guidelines.

Details: